Pictionary [juego] /
Guardado en:
| Formato: | Objeto Físico |
|---|---|
| Publicado: |
Argentina :
Ruibal,
c1996.
|
| Materias: | |
| Etiquetas: |
Agregar Etiqueta
Sin Etiquetas, Sea el primero en etiquetar este registro!
|
| LEADER | 00747nrm a22001695g 4500 | ||
|---|---|---|---|
| 001 | CEM.cems019219 | ||
| 008 | 130507s1996##################0###0#####d | ||
| 005 | 20220830093243.0 | ||
| 003 | CEMS | ||
| 245 | 0 | 0 | |a Pictionary [juego] / |c Pictionary |
| 260 | |a Argentina : |b Ruibal, |c c1996. | ||
| 300 | |a 1 juego (1 tablero, 1 dado, 1 reloj, 500 cartas, 4 lápices, 4 p.eones, block de papel, caja para las cartas) ; en caja 46 x 20 x 8 cm. + manual de instrucciones. | ||
| 500 | |a Para 3 a 16 jugadores a partir de 12 años y adultos objetivo: adivinar a través de dibujos palabras caja color azul. | ||
| 082 | 0 | 4 | |a J793.24 |
| 653 | |a 1. juegos de entretenimiento general | ||
| 653 | |a 2. juegos para dibujar | ||
| 859 | |a CEMS |b BIB. CEMS - Ludoteca |h J793.24 |i H27 |p 235.12 |t Ej.1 | ||
